Reading critically, writing well : (Record no. 590686)
[ view plain ]
| 000 -LEADER | |
|---|---|
| fixed length control field | 01739nam a22003735i 4500 |
| 001 - CONTROL NUMBER | |
| control field | 22417362 |
| 003 - CONTROL NUMBER IDENTIFIER | |
| control field | NUST |
| 005 - DATE AND TIME OF LATEST TRANSACTION | |
| control field | 20220825122432.0 |
| 008 - FIXED-LENGTH DATA ELEMENTS--GENERAL INFORMATION | |
| fixed length control field | 220209s2022 mau 000 0 eng |
| 010 ## - LIBRARY OF CONGRESS CONTROL NUMBER | |
| LC control number | 2022932564 |
| 020 ## - INTERNATIONAL STANDARD BOOK NUMBER | |
| International Standard Book Number | 9781319332297 |
| Qualifying information | (paperback) |
| 020 ## - INTERNATIONAL STANDARD BOOK NUMBER | |
| Canceled/invalid ISBN | 9781319484811 |
| Qualifying information | (epub) |
| 020 ## - INTERNATIONAL STANDARD BOOK NUMBER | |
| Canceled/invalid ISBN | 9781319484804 |
| Qualifying information | (kindle edition) |
| 038 ## - RECORD CONTENT LICENSOR | |
| Staff Name | Azhar |
| 040 ## - CATALOGING SOURCE | |
| Original cataloging agency | DLC |
| Language of cataloging | eng |
| Description conventions | rda |
| Transcribing agency | DLC |
| 042 ## - AUTHENTICATION CODE | |
| Authentication code | pcc |
| 082 ## - DEWEY DECIMAL CLASSIFICATION NUMBER | |
| Classification number | 808.0427 |
| Author Mark | REA |
| 100 1# - MAIN ENTRY--PERSONAL NAME | |
| Personal name | Axelrod, Rise B., |
| Relator term | author. |
| 9 (RLIN) | 95419 |
| 245 10 - TITLE STATEMENT | |
| Title | Reading critically, writing well : |
| Remainder of title | a reader and guide |
| Statement of responsibility, etc. | Rise B. Axelrod, Charles R. Cooper, Ellen C. Carillo. |
| 250 ## - EDITION STATEMENT | |
| Edition statement | Twelfth edition |
| 260 ## - PUBLICATION, DISTRIBUTION, ETC. | |
| Place of publication, distribution, etc. | Boston |
| Name of publisher, distributor, etc. | Bedford/St. Martin's, Macmillan Learning, |
| Date of publication, distribution, etc. | 2020 |
| 263 ## - PROJECTED PUBLICATION DATE | |
| Projected publication date | 2209 |
| 264 #1 - PRODUCTION, PUBLICATION, DISTRIBUTION, MANUFACTURE, AND COPYRIGHT NOTICE | |
| Place of production, publication, distribution, manufacture | : |
| 300 ## - PHYSICAL DESCRIPTION | |
| Extent | 682p |
| 336 ## - CONTENT TYPE | |
| Content type term | text |
| Content type code | txt |
| Source | rdacontent |
| 337 ## - MEDIA TYPE | |
| Media type term | unmediated |
| Media type code | n |
| Source | rdamedia |
| 338 ## - CARRIER TYPE | |
| Carrier type term | volume |
| Carrier type code | nc |
| Source | rdacarrier |
| 520 ## - SUMMARY, ETC. | |
| Summary, etc. | "In Reading Critically Writing Well, a robust catalog of reading strategies complement assignment chapters that cover four expository genres, including autobiography/literacy narratives and reflection, and four argumentative genres, including evaluation and proposal. Each chapter starts with a guide to reading that challenges students to analyze the authors' techniques, and concludes with a step-by-step guide to writing and revising that helps them apply these techniques to their own essays. The provocative readings throughout represent an array of topics and disciplines"-- |
| Assigning source | Provided by publisher. |
| 700 1# - ADDED ENTRY--PERSONAL NAME | |
| Personal name | Cooper, Charles R., |
| Relator term | author. |
| 9 (RLIN) | 95420 |
| 700 1# - ADDED ENTRY--PERSONAL NAME | |
| Personal name | Carillo, Ellen C., |
| Relator term | author. |
| 9 (RLIN) | 95421 |
| 906 ## - LOCAL DATA ELEMENT F, LDF (RLIN) | |
| a | 0 |
| b | ibc |
| c | orignew |
| d | 2 |
| e | epcn |
| f | 20 |
| g | y-gencatlg |
| 942 ## - ADDED ENTRY ELEMENTS (KOHA) | |
| Source of classification or shelving scheme | |
| Koha item type | Lincoln Corner |
| Withdrawn status | Lost status | Source of classification or shelving scheme | Damaged status | Not for loan | Permanent Location | Current Location | Shelving location | Date acquired | Full call number | Barcode | Date last seen | Price effective from | Koha item type |
|---|---|---|---|---|---|---|---|---|---|---|---|---|---|
| Central Library (CL) | Central Library (CL) | Lincoln Corner | 07/26/2022 | 808.0427 REA | LC-248 | 07/26/2022 | 07/26/2022 | Reference |
